| Tag |
First Indicator |
Second Indicator |
Subfields |
| LEADER |
00000cam a2200000 i 4500 |
| 001 |
in00004031021 |
| 005 |
20180510143653.0 |
| 008 |
171025s2018 nyu b 001 0 eng c |
| 010 |
|
|
|a 2017049334
|
| 035 |
|
|
|a (OCoLC)on1019836112
|
| 040 |
|
|
|a ICU/DLC
|b eng
|e rda
|c DLC
|d OCLCO
|d YDX
|d BDX
|d OCLCF
|d OCLCQ
|d OCLCO
|d YDX
|
| 019 |
|
|
|a 1006483211
|
| 020 |
|
|
|a 9780190626310
|q hardcover
|
| 020 |
|
|
|a 0190626313
|q hardcover
|
| 024 |
8 |
|
|a 40028138127
|
| 035 |
|
|
|a (OCoLC)1019836112
|
| 042 |
|
|
|a pcc
|
| 043 |
|
|
|a f-ua---
|
| 050 |
0 |
0 |
|a DT73.T3
|b R67 2017
|
| 082 |
0 |
0 |
|a 932/.3
|2 23
|
| 049 |
|
|
|a TXAM
|
| 100 |
1 |
|
|a Rosenmeyer, Patricia A.,
|e author.
|
| 245 |
1 |
4 |
|a The language of ruins :
|b Greek and Latin inscriptions on the Memnon colossus /
|c Patricia A. Rosenmeyer.
|
| 264 |
|
1 |
|a New York, NY :
|b Oxford University Press,
|c [2018]
|
| 300 |
|
|
|a xx, 265 pages ;
|c 25 cm
|
| 336 |
|
|
|a text
|b txt
|2 rdacontent
|
| 337 |
|
|
|a unmediated
|b n
|2 rdamedia
|
| 338 |
|
|
|a volume
|b nc
|2 rdacarrier
|
| 504 |
|
|
|a Includes bibliographical references and indexes.
|
| 505 |
0 |
|
|a Reading the colossus: the Memnon inscriptions -- Worshipping the colossus: sacred tourism at Thebes -- Talking with the colossus: the rhetoric of address -- Homeric Memnon -- Sapphic Memnon -- Modern Memnon.
|
| 600 |
0 |
0 |
|a Memnon
|c (Mythological character)
|x Statues
|z Egypt
|z Thebes (Extinct city)
|
| 600 |
0 |
0 |
|a Memnon
|c (Mythological character)
|x Cult
|z Egypt
|z Thebes (Extinct city)
|
| 600 |
0 |
7 |
|a Memnon
|c (Mythological character)
|2 fast
|0 (OCoLC)fst01015880
|
| 650 |
|
0 |
|a Inscriptions, Greek
|z Egypt
|z Thebes (Extinct city)
|
| 650 |
|
0 |
|a Inscriptions, Latin
|z Egypt
|z Thebes (Extinct city)
|
| 650 |
|
0 |
|a Pilgrims and pilgrimages
|z Egypt
|z Thebes (Extinct city)
|
| 651 |
|
0 |
|a Egypt
|x Civilization
|y 332 B.C.-638 A.D.
|
| 650 |
|
7 |
|a Civilization.
|2 fast
|0 (OCoLC)fst00862898
|
| 650 |
|
7 |
|a Cults.
|2 fast
|0 (OCoLC)fst00884980
|
| 650 |
|
7 |
|a Inscriptions, Greek.
|2 fast
|0 (OCoLC)fst00973878
|
| 650 |
|
7 |
|a Inscriptions, Latin.
|2 fast
|0 (OCoLC)fst00973901
|
| 650 |
|
7 |
|a Pilgrims and pilgrimages.
|2 fast
|0 (OCoLC)fst01064066
|
| 650 |
|
7 |
|a Statues.
|2 fast
|0 (OCoLC)fst01132151
|
| 651 |
|
7 |
|a Egypt.
|2 fast
|0 (OCoLC)fst01208755
|
| 651 |
|
7 |
|a Egypt
|z Thebes (Extinct city)
|2 fast
|0 (OCoLC)fst01897333
|
| 648 |
|
7 |
|a 332 B.C.-638 A.D.
|2 fast
|
| 776 |
0 |
8 |
|i Online version:
|a Rosenmeyer, Patricia A.
|t Language of ruins.
|d New York : Oxford University Press, 2017
|z 9780190626327
|w (DLC) 2018001036
|
| 945 |
|
|
|b 559197
|
| 947 |
|
|
|a A14850520793
|
| 994 |
|
|
|a 92
|b TXA
|
| 948 |
|
|
|a Cataloged
|b h
|c 2018/5/10
|d c
|e LEverett
|f 2:36:49 PM
|
| 999 |
f |
f |
|s 91e60f4d-9296-3824-9751-eb225c360055
|i 03a276ce-0c58-3939-850a-e712d153e184
|t 0
|
| 952 |
f |
f |
|p normal
|a Texas A&M University
|b College Station
|c Sterling C. Evans Library
|d Evans: Library Stacks
|t 0
|e DT73.T3 R67 2017
|h Library of Congress classification
|i unmediated -- volume
|m A14850520793
|
| 998 |
f |
f |
|a DT73.T3 R67 2017
|t 0
|l Evans: Library Stacks
|